00726nam a2200241 a 4500001001300000003000900013005001700022008004100039020002300080082001300103100002400116245004100140260003600181300000900217500003500226505002400261650001900285700002400304902000800328942000700336952012600343999001500469nice12345678IN_TiNIC20260116012742.0050524s1974 newa grp 000 0 eng  a0133464 c10000a270bMAN aManschreck, Clyde L aHistory of Christianity in the World aNew JerseybPrentice-Hallc1974 a378p aincludes index and biblioraphy2 aBibliography, Index aChurch-History1 aManschreck, Clyde L bSRS cBK 001040708StackRoom-aHMIbHMId2013-06-25g100.00l1o270 MANp014875r2017-11-01s2017-02-21v100.00w2005-05-24yBK c8232d8232